| 000 | 00863nam a2200217 a 4500 | ||
|---|---|---|---|
| 001 | 000663443 | ||
| 003 | AM-YeHGA | ||
| 005 | 20250617141655.0 | ||
| 008 | 090603s1981 ||||||||r|||||000|0|rus|d | ||
| 040 | _aAM-YeHGA | ||
| 041 | 0 | _arus | |
| 100 | 1 | _aТоропцев, Иннокентий Васильевич | |
| 245 | 1 | 0 |
_aИнкреторная функция поджелудочной железы / _cИ.В. Торопцев, В.А. Ещенко. |
| 260 |
_aТомск : _bИзд-во Томского ун-та, _c1981. |
||
| 300 |
_a138 с : _bил., табл.1 ; _c8 см. |
||
| 504 | _aСписок лит.: с. 130-136 | ||
| 650 | 1 | 4 |
_aПоджелудочная железа, внутренняя секреция _xФизиология |
| 650 | 1 | 4 | _aИнсулин |
| 700 | 1 | _aЕщенко, Виталий Андреевич | |
| 090 | _c244615 | ||
| 999 |
_c243034 _d243034 |
||